|
|
|
|
| LEADER |
00000npm a22000004a 4500 |
| 001 |
AR-BbUGT5450 |
| 003 |
AR-BbUGT |
| 005 |
20210330075241.0 |
| 007 |
vd cga|o| |
| 008 |
180220s2010 ag q d|0 spa d |
| 999 |
|
|
|c 11750
|d 11750
|
| 020 |
|
|
|a 9789871648047
|
| 040 |
|
|
|a AR-BbUGT
|b spa
|c AR-BbUGT
|
| 082 |
0 |
4 |
|a 725.3
|
| 100 |
1 |
|
|a Zingoni, José María
|9 158
|
| 245 |
1 |
0 |
|a Arquitectura ferroportuaria en Bahía Blanca 1880-1930 /
|c José María Zingoni.
|h [Recurso electrónico]
|
| 260 |
|
|
|a Bahía Blanca :
|b Universidad Nacional del Sur,
|c 2010.
|
| 300 |
|
|
|a 2 discos de video (ca. ? min.) :
|b il., son. , col. ;
|c 12 cm.
|
| 505 |
0 |
|
|a Capítulo 1. Las empresas ferroviarias asentadas en la ciudad -- Capítulo 2. Las empresas ferroportuarias -- Capítulo 3. Evolución del perfil urbano de las construcciones ferroviarias -- Capítulo 4. Los territorios de las empresas ferroviarias en la ciudad -- Capítulo 5. Los puertos en las costas bahienses -- Capítulo 6. Grümbein y Villa Rosas -- Capítulo 7. Epílogo: la usina General San Martín -- Fotos por capítulo -- Fotos por edificio -- Videos
|
| 651 |
|
4 |
|a Bahía Blanca (Argentina)
|9 257
|
| 653 |
|
|
|a Arquitectura ferroviaria
|
| 653 |
|
|
|a Arquitectura portuaria
|
| 653 |
|
|
|a Ferrocarriles
|
| 653 |
|
|
|a Puertos
|
| 942 |
|
|
|c VM
|h 725.3
|i Z66-1
|k CD
|2 ddc
|6 725_300000000000000_Z661
|
| 942 |
|
|
|c VM
|h 725.3
|i Z66-1
|k CD
|2 ddc
|